[Event "Moscow Open 2009 A"]
[Site ""]
[Date "2009.01.31"]
[Round "1.142"]
[White "Lyubokhiner, Leonid M"]
[Black "Yarmolenko, Evgeny"]
[Result "0-1"]
[WhiteElo "1792"]
[BlackElo "2211"]
[Annotator ""]
[Source ""]
[Remark ""]

1.e4 c5 2.Nf3 a6 3.Bc4 e6 4.d3 Nc6 5.O-O d6 6.Nc3 Nf6 7.Re1 Be7
8.a3 O-O 9.h3 b5 10.Bb3 d5 11.exd5 exd5 12.Bg5 Be6 13.Qe2 h6
14.Bf4 Re8 15.Ne5 Nd4 16.Qd2 Nxb3 17.cxb3 d4 18.Ne2 Bf8 19.Qc2
Qd5 20.Nc1 Bd6 21.Qe2 Bf5 22.Bh2 Bxe5 23.Bxe5 Nd7 24.f4 f6 25.Qh5
Bh7 26.Rf1 fxe5 27.Rf3 Nf6 28.Qh4 exf4 0-1

[Event "Moscow Open 2009 A"]
[Site ""]
[Date "2009.01.31"]
[Round "1.143"]
[White "Konovalov, Vladislav"]
[Black "Kapustin, Nikolay"]
[Result "1-0"]
[WhiteElo "2208"]
[BlackElo "1678"]
[Annotator ""]
[Source ""]
[Remark ""]

1.Nf3 Nf6 2.c4 c5 3.Nc3 Nc6 4.d4 cxd4 5.Nxd4 e5 6.Ndb5 Bb4 7.Nd6+
Bxd6 8.Qxd6 Qe7 9.Qxe7+ Kxe7 10.Bg5 h6 11.Nd5+ Kf8 12.Bxf6 gxf6
13.Nxf6 Nd4 14.O-O-O Ke7 15.Nd5+ Kf8 16.e3 Nf5 17.Bd3 Ng7 18.b3
b6 19.Nc7 Rb8 20.Nb5 a6 21.Nd6 Bb7 22.Be4 Bc6 23.Rd2 Ke7 24.Rhd1
Bxe4 25.Nxe4 Rhd8 26.Rd6 h5 27.R1d5 Ne6 28.Rxe5 Rh8 29.Red5 Rb7
30.h4 f6 31.f4 Rh6 32.Rd2 a5 33.Nc3 Rg6 34.f5 1-0

[Event "Moscow Open 2009 A"]
[Site ""]
[Date "2009.02.01"]
[Round "2.24"]
[White "Vorobjov, Denis S"]
[Black "Dvalishvili, Pavel S"]
[Result "0-1"]
[WhiteElo "2259"]
[BlackElo "2480"]
[Annotator ""]
[Source ""]
[Remark ""]

1.d4 g6 2.Nf3 Bg7 3.e4 d6 4.Bc4 c6 5.O-O Nf6 6.Qe2 O-O 7.Bb3
a5 8.c3 a4 9.Bc2 b5 10.h3 Qc7 11.Bg5 h6 12.Bxf6 Bxf6 13.e5 dxe5
14.Nxe5 c5 15.Be4 Ra5 16.Nf3 b4 17.Rd1 Nd7 18.cxb4 cxb4 19.Qd2
Ba6 20.Rc1 Qb6 21.a3 bxa3 22.Nxa3 Bg7 23.Rc6 Qd8 24.Nc4 Bxc4
25.Rxc4 e5 26.Bc6 Ra7 27.d5 Nb6 28.Rb4 Ra5 29.d6 f5 30.Bxa4 Kh7
31.Rh4 Rd5 32.Qc1 Nxa4 33.Rhxa4 e4 34.Nd2 Rxd6 35.Nc4 Rd7 36.Ra8
Qf6 37.R1a6 Qf7 38.Rxf8 Qxf8 39.Ne3 f4 40.Ng4 h5 41.Qc6 Rd1+
42.Kh2 hxg4 43.Qxg6+ Kh8 44.Qh5+ Kg8 45.Qxg4 Rd6 46.Ra4 Qe8 47.Ra7
Rg6 48.Ra8 Qxa8 49.Qxg6 Qd5 50.h4 Qe5 51.Kg1 e3 52.fxe3 fxe3
53.Kf1 Qf4+ 54.Ke2 Qf2+ 55.Kd3 Qd2+ 56.Kc4 Qd4+ 57.Kb5 Qe5+ 0-1

[Event "Moscow Open 2009 A"]
[Site ""]
[Date "2009.02.01"]
[Round "2.25"]
[White "Kozlov, Gennady"]
[Black "Petrosian, Davit G"]
[Result "1-0"]
[WhiteElo "2257"]
[BlackElo "2477"]
[Annotator ""]
[Source ""]
[Remark ""]

1.d4 Nf6 2.c4 g6 3.Nc3 Bg7 4.e4 d6 5.Nf3 O-O 6.Be2 e5 7.O-O Nc6
8.d5 Ne7 9.Ne1 Nd7 10.Nd3 f5 11.f3 f4 12.g4 c5 13.Bd2 g5 14.Be1
h5 15.h3 Rf6 16.Kg2 Rh6 17.Bf2 Ng6 18.Rh1 Bf8 19.b4 cxb4 20.Nxb4
Nh4+ 21.Bxh4 gxh4 22.Nd3 Be7 23.Qb3 Qa5 24.Rac1 Bd8 25.Na4 hxg4
26.hxg4 Qd2 27.Rc2 Qe3 28.Nf2 Nc5 29.Qxe3 fxe3 30.Nxc5 exf2 31.Nd3
b6 32.Nxf2 Bg5 33.Nh3 Be3 34.Rc3 Bd4 35.Rd3 Bc5 36.f4 exf4 37.Nxf4
Rf6 38.Rf1 Bd7 39.g5 Rf7 40.Nh5 Rxf1 41.Bxf1 Kf7 42.Nf6 Ba4 43.Rf3
Bc2 44.Be2 Kg6 45.Rf4 Kxg5 46.Rf5+ Kg6 47.Bh5+ Kg7 48.Kh3 Bd4
49.Ne8+ Kh6 50.Nxd6 Rg8 51.Nf7+ Kh7 52.Ng5+ Kh6 53.Nf7+ Kh7 54.Bf3
Rg3+ 55.Kxh4 Bf2 56.Kh5 Ba4 57.Bg4 Rg2 58.Ng5+ Kg8 59.Re5 Kf8
60.Ne6+ Kf7 61.Ng5+ Kf8 62.Nh7+ Kf7 63.Be6+ Kg7 64.Rg5+ Rxg5+
65.Nxg5 Kf6 66.Kg4 Be3 67.Nf7 Bd1+ 68.Kg3 Be2 69.e5+ Ke7 70.Nd6
Bc1 1-0

[Event "Moscow Open 2009 A"]
[Site ""]
[Date "2009.02.01"]
[Round "2.26"]
[White "Yandemirov, Valeri"]
[Black "Kolomensky, Vladimir"]
[Result "1-0"]
[WhiteElo "2474"]
[BlackElo "2253"]
[Annotator ""]
[Source ""]
[Remark ""]

1.e4 c5 2.Nf3 e6 3.c4 Nc6 4.Nc3 Nf6 5.Be2 b6 6.O-O Bb7 7.d4 cxd4
8.Nxd4 Qb8 9.Be3 Bd6 10.g3 Nxd4 11.Qxd4 Be5 12.Qd3 O-O 13.Bd4
Re8 14.Rad1 d5 15.Bxe5 Qxe5 16.f4 dxc4 17.fxe5 cxd3 18.Rxd3 Nxe4
19.Rd7 Nc5 20.Rdxf7 a5 21.Na4 Bc6 22.Nxc5 bxc5 23.Rc7 Rec8 24.Re7
Re8 25.Rxe8+ Rxe8 26.Rc1 Rb8 27.b3 Bd5 28.Rxc5 a4 29.bxa4 Rb2
30.Kf2 Rxa2 31.a5 Kf7 32.Ke3 Ra3+ 33.Bd3 Ke7 34.a6 h6 35.Rc7+
Kd8 36.Rxg7 Bc4 37.Kd4 Bxa6 38.Bxa6 Rxa6 39.Rg6 h5 40.Rh6 Kd7
41.Rxh5 Kc6 42.Rg5 Ra4+ 43.Ke3 Kd5 44.h4 Ra3+ 45.Kf4 Ra4+ 46.Kf3
Ra3+ 47.Kg4 Ke4 48.h5 1-0

[Event "Moscow Open 2009 A"]
[Site ""]
[Date "2009.02.01"]
[Round "2.27"]
[White "Aldokhin, Ivan"]
[Black "Kim, Alexey"]
[Result "1/2-1/2"]
[WhiteElo "2251"]
[BlackElo "2470"]
[Annotator ""]
[Source ""]
[Remark ""]

1.e4 c5 2.Nf3 e6 3.d4 cxd4 4.Nxd4 Nc6 5.Nc3 Qc7 6.Be3 Nf6 7.f3
a6 8.Qd2 b5 9.g4 h6 10.O-O-O b4 11.Nce2 Ne5 12.Ng3 Bb7 13.g5
hxg5 14.Bxg5 Bc5 15.Qe2 Ng6 16.Kb1 Rc8 17.Nb3 Be7 18.Re1 Nh5
19.Bxe7 Kxe7 20.Nxh5 Rxh5 21.Qd2 a5 22.Nd4 d5 23.Bd3 Ne5 24.Rhg1
g6 25.h4 dxe4 26.Bxe4 Rd8 27.Qf2 Bxe4 28.fxe4 Rxd4 29.Qxd4 Nf3
30.Qf2 Nxg1 31.Rxg1 Qc5 32.Qg3 Qe5 33.Qe3 Rxh4 34.Rf1 Kf8 35.Qf2
Rh7 36.Qa7 Qxe4 37.Qxa5 Rh1 38.Qd8+ Kg7 39.Qf6+ Kh7 40.Qxf7+
Kh6 41.Qf8+ Kh7 42.Qf7+ Kh6 1/2-1/2

[Event "Moscow Open 2009 A"]
[Site ""]
[Date "2009.02.01"]
[Round "2.28"]
[White "Morev, Ivan"]
[Black "Danin, Alexandre"]
[Result "0-1"]
[WhiteElo "2249"]
[BlackElo "2465"]
[Annotator ""]
[Source ""]
[Remark ""]

1.e4 e6 2.d4 d5 3.Nd2 Nf6 4.e5 Nfd7 5.Bd3 c5 6.c3 Nc6 7.Ne2 cxd4
8.cxd4 f6 9.exf6 Nxf6 10.Nf3 Bd6 11.O-O O-O 12.Bg5 Bd7 13.Bh4
Be8 14.Bb5 Qb6 15.Bxc6 bxc6 16.Bg3 Bxg3 17.hxg3 Qxb2 18.Nf4 Ne4
19.Qc1 Qb6 20.Nxe6 Rf6 21.Nc5 Nxc5 22.dxc5 Qa5 23.Re1 Bg6 24.Ne5
Rd8 25.Ng4 Rf5 26.Ne5 Qc7 27.Qb2 Rf6 28.Qd4 Re6 29.Re3 Be4 30.f4
Rde8 31.Ra3 h6 32.Rc1 Rb8 33.Rb3 Rbe8 34.Ra3 Rb8 35.Rb3 Rbe8
36.Ra3 Rxe5 37.fxe5 Rxe5 38.Rcc3 Rg5 39.Re3 Qf7 40.Re1 Kh7 41.Rae3
Qh5 42.Ra3 Qg6 0-1

[Event "Moscow Open 2009 A"]
[Site ""]
[Date "2009.02.01"]
[Round "2.29"]
[White "Omariev, Maksim"]
[Black "Belov, Igor"]
[Result "0-1"]
[WhiteElo "2248"]
[BlackElo "2460"]
[Annotator ""]
[Source ""]
[Remark ""]

1.e4 d6 2.d4 g6 3.Nc3 Bg7 4.f4 Nc6 5.d5 Nd4 6.Be3 c5 7.Qd2 a6
8.Nge2 Nb5 9.a4 Qa5 10.Ra2 Nxc3 11.Nxc3 Nf6 12.Be2 O-O 13.O-O
Qb4 14.Qd3 Bg4 15.Bf3 Bxf3 16.gxf3 Nd7 17.a5 Rac8 18.Rb1 Bxc3
19.Qxc3 f5 20.Qd3 fxe4 21.fxe4 c4 22.Qd4 Qc5 23.Qc3 Qb5 24.Re1
Nf6 25.Bd2 Qc5+ 26.Kg2 Rf7 27.Qh3 Rcf8 28.Qe6 Nh5 29.Rf1 Ng7
30.Qh3 Nh5 31.Be3 Qb5 32.Qe6 c3 33.bxc3 Qe2+ 0-1

[Event "Moscow Open 2009 A"]
[Site ""]
[Date "2009.02.01"]
[Round "2.30"]
[White "Baghdasaryan, Vahe"]
[Black "Papin, Vasily"]
[Result "0-1"]
[WhiteElo "2246"]
[BlackElo "2456"]
[Annotator ""]
[Source ""]
[Remark ""]

1.e4 c5 2.Nf3 e6 3.d4 cxd4 4.Nxd4 a6 5.Nc3 b5 6.g3 Bb7 7.Bg2
Nf6 8.O-O b4 9.Na4 Bxe4 10.Bxe4 Nxe4 11.Re1 Nc5 12.Qf3 Ra7 13.Nxc5
Bxc5 14.Be3 Qb6 15.Rad1 O-O 16.c3 bxc3 17.bxc3 Rb7 18.Qh5 Rc8
19.Qg4 Nc6 20.Bh6 Bf8 21.Nxc6 Qxc6 22.Be3 Rb2 23.Bd4 d6 24.Rb1
Rcb8 25.Rbc1 e5 26.Ba7 R8b7 27.Be3 Rxa2 28.h4 Ra4 29.Qf5 g6 30.Qg5
h6 31.Qd8 Qc7 32.Qe8 Ra2 33.Ra1 Rxa1 34.Rxa1 Rb8 35.Qa4 Qxc3
36.Rc1 Qd3 37.Qa2 d5 38.Kh2 d4 39.Bd2 Qe2 40.Kg1 Bb4 41.Rc7 Rf8
42.Rc2 d3 43.Rb2 Bxd2 44.Rxd2 Qe1+ 45.Kh2 Rb8 46.Rxd3 Rb1 47.Rd8+
Kg7 48.Qd5 Rb2 49.Kh3 Rxf2 0-1

[Event "Moscow Open 2009 A"]
[Site ""]
[Date "2009.02.01"]
[Round "2.31"]
[White "Petrushin, Alexander I"]
[Black "Tilicheev, Viacheslav"]
[Result "1-0"]
[WhiteElo "2455"]
[BlackElo "2242"]
[Annotator ""]
[Source ""]
[Remark ""]

1.e4 e5 2.Nf3 Nc6 3.Bb5 f5 4.Qe2 fxe4 5.Qxe4 Nf6 6.Qe2 d6 7.d4
e4 8.d5 Nxd5 9.Nd4 Ndb4 10.Nc3 Bd7 11.Nxe4 Be7 12.Nf6+ Kf7 13.Bc4+
d5 14.Nxd5 Nxd4 15.Nxb4+ Kf8 16.Qd2 Bf5 17.O-O c5 18.c3 Nf3+
19.gxf3 Qxd2 20.Bxd2 cxb4 21.cxb4 Bf6 22.Bc3 Bxc3 23.bxc3 Rc8
24.Bd5 Rxc3 25.Rac1 Rxc1 26.Rxc1 Ke7 27.Bxb7 Rd8 28.Rc7+ Kf6
29.Kg2 Rd4 30.a3 Rd3 31.a4 Rd4 32.Bc6 Rxb4 33.Rxa7 Rc4 34.Ba8
Kg5 35.Kg3 g6 36.Bd5 Rd4 37.Bc6 h5 38.h3 Rh4 39.a5 Bxh3 40.f4+
Rxf4 41.Kxh3 Rxf2 42.Rb7 Ra2 43.Rb5+ Kf4 44.Rb4+ Ke5 45.Ra4 Rxa4
46.Bxa4 Kd6 47.Be8 Kc5 48.Kh4 1-0

[Event "Moscow Open 2009 A"]
[Site ""]
[Date "2009.02.01"]
[Round "2.32"]
[White "Elishev, Ivan"]
[Black "Gubajdullin, Alexei"]
[Result "0-1"]
[WhiteElo "2239"]
[BlackElo "2454"]
[Annotator ""]
[Source ""]
[Remark ""]

1.e4 c5 2.Nf3 g6 3.c3 Bg7 4.d4 cxd4 5.cxd4 d5 6.e5 Nc6 7.h3 Nh6
8.Nc3 Bf5 9.Qb3 O-O 10.Be3 Be4 11.Be2 Nf5 12.Rd1 Na5 13.Qa3 Bxf3
14.gxf3 f6 15.f4 e6 16.Rd2 a6 17.O-O b5 18.b4 Nc4 19.Bxc4 bxc4
20.Qa5 Qxa5 21.bxa5 Rfb8 22.Na4 Rb5 23.Nc5 Kf7 24.a4 Rb4 25.Rdd1
fxe5 26.fxe5 Bf8 27.Nd7 Ra7 28.Nb6 Rc7 29.Bd2 c3 30.Rc1 Nxd4 0-1

[Event "Moscow Open 2009 A"]
[Site ""]
[Date "2009.02.01"]
[Round "2.33"]
[White "Ziatdinov, Raset"]
[Black "Nazaryev, Sergey"]
[Result "1-0"]
[WhiteElo "2440"]
[BlackElo "2236"]
[Annotator ""]
[Source ""]
[Remark ""]

1.e4 e5 2.Nf3 Nc6 3.Bb5 a6 4.Ba4 Nf6 5.O-O Be7 6.Re1 b5 7.Bb3
O-O 8.d4 d6 9.c3 Bg4 10.Be3 Na5 11.Bc2 Nc4 12.Bc1 Re8 13.b3 Nb6
14.Nbd2 Bf8 15.h3 Bc8 16.Nf1 Bb7 17.Ng3 g6 18.Bg5 h6 19.Bd2 Bg7
20.Qc1 Kh7 21.Qb2 Qe7 22.Rad1 Nbd7 23.Bd3 Rab8 24.Qc2 Rbc8 25.a4
c6 26.Qa2 Qf8 27.Bc1 exd4 28.cxd4 b4 29.Nd2 Qe7 30.Nc4 c5 31.Bf4
cxd4 32.Nxd6 Ne5 33.Bxe5 Qxe5 34.Nxb7 Re7 35.Qd2 Rc3 36.f4 Qc7
37.e5 Qxb7 38.exf6 Bxf6 39.Ne4 Rc6 40.Nxf6+ Rxf6 41.Rxe7 Qxe7
42.Re1 Qd6 43.Re4 Qd5 1-0

[Event "Moscow Open 2009 A"]
[Site ""]
[Date "2009.02.01"]
[Round "2.34"]
[White "Zhadanov, Vasili B"]
[Black "Belous, Vladimir"]
[Result "1-0"]
[WhiteElo "2233"]
[BlackElo "2431"]
[Annotator ""]
[Source ""]
[Remark ""]

1.e4 c5 2.Nf3 e6 3.d4 cxd4 4.Nxd4 a6 5.Nc3 Qc7 6.Be2 b5 7.f4
Bb7 8.Bf3 b4 9.Na4 d6 10.O-O Nd7 11.c3 Ngf6 12.Re1 a5 13.e5 Nd5
14.exd6 Bxd6 15.Nxe6 fxe6 16.Rxe6+ Be7 17.Bxd5 Rd8 18.Bxb7 Qxb7
19.Qe2 Nf6 20.Bd2 Kf7 21.Re1 Rhe8 22.Qc4 Kf8 23.Be3 Qd5 24.Qxd5
Nxd5 25.Bd4 Nxf4 26.Rf1 Bg5 27.Re5 1-0

[Event "Moscow Open 2009 A"]
[Site ""]
[Date "2009.02.01"]
[Round "2.35"]
[White "Venevtsev, Andrey"]
[Black "Kuporosov, Viktor"]
[Result "1/2-1/2"]
[WhiteElo "2230"]
[BlackElo "2422"]
[Annotator ""]
[Source ""]
[Remark ""]

1.e4 g6 2.d4 Bg7 3.Nc3 c6 4.Nf3 d6 5.Be3 Nd7 6.Qd2 Qc7 7.Bc4
Ngf6 8.Bh6 O-O 9.h4 d5 10.exd5 Nb6 11.Bd3 Bxh6 12.Qxh6 Ng4 13.Qd2
Nxd5 14.Nxd5 cxd5 15.O-O-O e5 16.Nxe5 Nxe5 17.dxe5 Qxe5 18.Rde1
Qf6 19.Qh6 Be6 20.h5 Qg7 21.Qd2 Rae8 22.Rh4 Bc8 23.hxg6 Rxe1+
24.Qxe1 fxg6 25.f3 b6 26.Qe3 Bd7 27.Qg5 Be6 28.Rf4 Rxf4 29.Qxf4
Qf7 30.Qxf7+ Kxf7 1/2-1/2

[Event "Moscow Open 2009 A"]
[Site ""]
[Date "2009.02.01"]
[Round "2.36"]
[White "Vorotnikov, Vladislav V"]
[Black "Pichugin, Andrei"]
[Result "1/2-1/2"]
[WhiteElo "2421"]
[BlackElo "2221"]
[Annotator ""]
[Source ""]
[Remark ""]

1.e4 c5 2.Nf3 Nc6 3.Bb5 e6 4.Bxc6 dxc6 5.d3 Ne7 6.Nc3 Ng6 7.e5
Qc7 8.Qe2 Be7 9.h4 h5 10.Bg5 Bxg5 11.hxg5 b6 12.O-O-O Ba6 13.Ne4
O-O-O 14.Qe3 Kb8 15.Nd6 f6 16.gxf6 gxf6 17.d4 Ne7 18.dxc5 Nd5
19.Qe4 bxc5 20.c4 fxe5 21.cxd5 Qxd6 22.Qxe5 cxd5 23.Qxd6+ Rxd6
24.Ne5 Rf8 25.f3 Rf5 26.Rde1 Bb5 27.g4 hxg4 28.fxg4 Rf2 29.g5
Rd8 30.g6 Rg8 31.Reg1 Kc7 32.Rh7+ Kd6 33.Nf7+ Rxf7 34.Rxf7 Be8
35.Rxa7 Rxg6 36.Rxg6 Bxg6 1/2-1/2

[Event "Moscow Open 2009 A"]
[Site ""]
[Date "2009.02.01"]
[Round "2.37"]
[White "Zhadanov, Nikolay"]
[Black "Gritsenko, Andrey"]
[Result "0-1"]
[WhiteElo "2226"]
[BlackElo "2403"]
[Annotator ""]
[Source ""]
[Remark ""]

1.d4 d5 2.c4 c6 3.cxd5 cxd5 4.Nf3 Nf6 5.Bf4 Nc6 6.Nc3 a6 7.e3
Bg4 8.Be2 e6 9.O-O Bd6 10.Bxd6 Qxd6 11.Rc1 O-O 12.h3 Bh5 13.Ne1
Bg6 14.Nd3 Bxd3 15.Bxd3 b5 16.Qe2 Na5 17.Rc2 g6 18.Rfc1 Nc4 19.Nb1
e5 20.b3 exd4 21.exd4 Rfe8 22.Qd1 Na5 23.Qd2 Qb6 24.Qf4 Re6 25.Nd2
Nc6 26.Nf3 Rae8 27.Rc5 Kg7 28.g4 Nb4 29.Bb1 Nd7 30.a3 Rf6 31.Qg3
Nxc5 32.dxc5 Qa5 33.axb4 Qa3 34.Rf1 Qxb4 35.Ne5 Rfe6 36.Nd3 Qxb3
37.Rc1 Re4 38.Qd6 R8e6 39.Qd7 Rc4 40.Rf1 a5 41.f4 Rc3 42.f5 Rf6
43.Nf4 Rg3+ 44.Kh2 0-1

[Event "Moscow Open 2009 A"]
[Site ""]
[Date "2009.02.01"]
[Round "2.38"]
[White "Yarmolenko, Evgeny"]
[Black "Hovhannisyan, Robert"]
[Result "0-1"]
[WhiteElo "2211"]
[BlackElo "2402"]
[Annotator ""]
[Source ""]
[Remark ""]

1.e4 e5 2.Nf3 Nf6 3.Nxe5 d6 4.Nf3 Nxe4 5.d4 d5 6.Bd3 Nc6 7.O-O
Bg4 8.c4 Nf6 9.Nc3 dxc4 10.Bxc4 Be7 11.d5 Ne5 12.Bb5+ Ned7 13.h3
Bxf3 14.Qxf3 a6 15.Ba4 O-O 16.Bc2 Bd6 17.Bg5 h6 18.Bh4 Ne5 19.Qf5
Ng6 20.Ne4 Be7 21.Nxf6+ Bxf6 22.Bg3 Bh4 23.Bh2 Be7 24.Qg4 Bd6
25.Bxg6 Bxh2+ 26.Kxh2 fxg6 27.Qxg6 Qxd5 28.Qg3 Qf7 29.Rac1 c6
30.b3 Rad8 31.Rc2 Rd5 32.Re2 Rg5 33.Qe3 Qd5 34.Qe6+ Qxe6 35.Rxe6
Rd5 36.Re2 Rfd8 37.f4 Rd2 38.Rff2 Rxe2 39.Rxe2 Kf7 40.Re3 c5
41.Kg3 b5 42.Kf3 Rd2 43.Rc3 Rxa2 44.Rxc5 Ra3 45.Rc3 a5 46.Ke4
Ke6 47.Rc6+ Kd7 48.Rg6 Rxb3 49.Rxg7+ Kd6 50.Rg6+ Kc5 51.f5 b4
52.Ra6 Kb5 53.f6 Rb1 54.Re6 b3 55.Re5+ Kc4 56.Re7 Re1+ 57.Kf5
Rf1+ 58.Ke4 Rxf6 59.Rc7+ Kb4 60.Rb7+ Ka3 61.g4 b2 0-1

[Event "Moscow Open 2009 A"]
[Site ""]
[Date "2009.02.01"]
[Round "2.39"]
[White "Konovalov, Vladislav"]
[Black "Reshetnikov, Alexey"]
[Result "0-1"]
[WhiteElo "2208"]
[BlackElo "2397"]
[Annotator ""]
[Source ""]
[Remark ""]

1.Nf3 d5 2.g3 Nf6 3.Bg2 c6 4.O-O Bf5 5.c4 e6 6.d4 Nbd7 7.Nc3
h6 8.Qb3 Qb6 9.Bd2 Be7 10.cxd5 exd5 11.Rfc1 O-O 12.Nh4 Bh7 13.e3
Rfe8 14.Bh3 Bf8 15.f3 Qxb3 16.axb3 g5 17.Ng2 h5 18.Bxd7 Nxd7
19.h3 g4 20.hxg4 hxg4 21.fxg4 Nf6 22.g5 Ne4 23.Nxe4 Bxe4 24.Kf2
Be7 25.Rh1 Kg7 26.Rh5 Rh8 27.Rah1 Rxh5 28.Rxh5 Bg6 29.Rh2 Bxg5
30.Nf4 Bc2 31.b4 Be4 32.Ne2 Be7 33.Nc3 Bd3 34.Ne2 b6 35.Nf4 Be4
36.Nh5+ Kg8 37.Nf4 a5 38.bxa5 bxa5 39.Rh6 Ra6 40.Ne2 Kg7 41.Rh5
a4 42.Nc3 Bc2 43.e4 dxe4 44.Nxe4 Rb6 45.Bc1 Bxe4 46.Re5 Bf6 47.Rxe4
Rb4 48.Rg4+ Kf8 49.Bh6+ Ke7 50.Bg5 Rxb2+ 51.Ke3 Bxg5+ 52.Rxg5
a3 53.Ra5 a2 54.g4 Kd6 55.Ke4 Re2+ 56.Kf5 Rf2+ 57.Ke4 Re2+ 58.Kf5
Kc7 59.g5 Kb6 60.Ra8 Kb5 61.Kf6 Rf2+ 62.Ke5 Kc4 63.Ra4+ Kb3 64.Ra6
Rf1 65.Rb6+ Kc4 0-1

[Event "Moscow Open 2009 A"]
[Site ""]
[Date "2009.02.01"]
[Round "2.40"]
[White "Gordievsky, Dmitry"]
[Black "Nyudleev, Dolgan"]
[Result "0-1"]
[WhiteElo "2207"]
[BlackElo "2397"]
[Annotator ""]
[Source ""]
[Remark ""]

1.d4 d5 2.c4 c6 3.Nf3 Nf6 4.e3 e6 5.Bd3 a6 6.Nbd2 c5 7.cxd5 Nxd5
8.Nb3 cxd4 9.Nbxd4 Bb4+ 10.Bd2 O-O 11.e4 Bxd2+ 12.Qxd2 Ne7 13.e5
Bd7 14.O-O Nbc6 15.Rfd1 Nxd4 16.Nxd4 Qc7 17.Qf4 Bc6 18.Rac1 Rfd8
19.Be4 Qb6 20.Nxc6 Nxc6 21.Bxc6 Rxd1+ 22.Rxd1 Qxc6 23.Qd4 h6
24.h3 Qc2 25.a3 Rc8 26.Rd2 Qb1+ 27.Kh2 Rc1 28.Qd3 Rh1+ 29.Kg3
Qg1 30.Qe4 g5 31.Kg4 Rh2 32.Rd8+ Kg7 33.Qd3 Qxg2+ 34.Qg3 h5+
35.Kxh5 Rxh3+ 36.Kxg5 Rxg3+ 0-1

[Event "Moscow Open 2009 A"]
[Site ""]
[Date "2009.02.01"]
[Round "2.41"]
[White "Kotov, Alexander"]
[Black "Kargin, Arseny"]
[Result "1/2-1/2"]
[WhiteElo "2203"]
[BlackElo "2389"]
[Annotator ""]
[Source ""]
[Remark ""]

1.d4 d5 2.c4 c6 3.Nf3 Nf6 4.Nc3 dxc4 5.e4 b5 6.Be2 b4 7.Na4 Nxe4
8.Bxc4 e6 9.Qe2 Nd6 10.Bd3 Nd7 11.O-O Qa5 12.b3 Be7 13.Bd2 Nb5
14.a3 Nc3 15.Nxc3 bxc3 16.b4 Qh5 17.Bxc3 O-O 18.Rfc1 Bb7 19.Bd2
Rad8 20.Ba6 Ba8 21.Be3 Bd6 22.h3 Rde8 23.Nd2 Qg6 24.Qg4 Qxg4
25.hxg4 Nf6 26.Nc4 Rd8 27.Nxd6 Rxd6 28.Be2 Bb7 29.d5 Ra8 30.dxc6
Rxc6 31.b5 Rxc1+ 32.Rxc1 Nd5 33.Bf3 h6 34.a4 a6 35.b6 Rc8 36.Rxc8+
Bxc8 37.Kf1 Kf8 38.Ke2 Ke7 39.Kd3 Kd6 40.Kc4 Bb7 41.Bc5+ Kd7
42.a5 Ke8 43.Bd6 f6 44.Kc5 g5 45.Be4 Ba8 46.f3 Bb7 47.Bg6+ Kd7
48.Bf8 Nc3 49.Bxh6 Ke7 50.Kc4 Nb5 51.Bd3 Nd6+ 52.Kc5 Nf7 53.Be4
Nd8 54.Bxb7 Nxb7+ 55.Kc6 Nxa5+ 56.Kc7 e5 57.Kb8 Nb3 58.Ka7 Nc5
59.b7 Nxb7 60.Kxa6 Nc5+ 61.Kb5 Ne6 62.Kc6 Nf4 63.g3 e4 64.fxe4
Nd3 65.Kd5 Nf2 66.e5 Nxg4 67.exf6+ Kxf6 1/2-1/2

[Event "Moscow Open 2009 A"]
[Site ""]
[Date "2009.02.01"]
[Round "2.42"]
[White "Orlinkov, Maxim L"]
[Black "Antipov, Mikhail Al"]
[Result "1/2-1/2"]
[WhiteElo "2385"]
[BlackElo "2194"]
[Annotator ""]
[Source ""]
[Remark ""]

1.d4 d5 2.Nf3 Nf6 3.g3 Bf5 4.Bg2 c6 5.O-O e6 6.c4 h6 7.Nc3 Nbd7
8.Qb3 Qb6 9.c5 Qxb3 10.axb3 a6 11.b4 Rc8 12.Nd2 g5 13.Re1 Bg6
14.Nb3 Bg7 15.Na5 Rc7 16.h4 Nh7 17.hxg5 hxg5 18.e4 O-O 19.e5
f5 20.f4 g4 21.Bf1 Rb8 22.Ra2 Bf8 23.Bd2 Be8 24.Nd1 Be7 25.Bd3
Kg7 26.Ne3 Bg6 27.Kg2 Nhf8 28.Rh1 Nh7 29.Raa1 Nhf8 30.Bc3 Nh7
31.Rh2 Nhf8 32.Rah1 Re8 33.Nf1 Rb8 34.Nd2 Re8 35.Nab3 Bd8 36.Rh6
Nb8 37.Nf1 1/2-1/2

[Event "Moscow Open 2009 A"]
[Site ""]
[Date "2009.02.01"]
[Round "2.43"]
[White "Moiseev, Gumar"]
[Black "Denisov, Ivan"]
[Result "1-0"]
[WhiteElo "2380"]
[BlackElo "2193"]
[Annotator ""]
[Source ""]
[Remark ""]

1.e4 c5 2.Nf3 d6 3.Bb5+ Bd7 4.Bxd7+ Qxd7 5.O-O Nc6 6.Re1 g6 7.c3
Bg7 8.d4 Nf6 9.dxc5 dxc5 10.Qe2 e5 11.Na3 O-O 12.Bg5 Qe6 13.Qc4
Qe7 14.Nc2 a6 15.Ne3 b5 16.Qe2 Qb7 17.Bxf6 Bxf6 18.Nd5 Bg7 19.Qe3
c4 20.h4 Ne7 21.Rad1 Rfd8 22.Qb6 Qxb6 23.Nxb6 Rxd1 24.Rxd1 Re8
25.Rd7 Nc6 26.Nd5 Rc8 27.Ng5 Rf8 28.Rc7 Nb8 29.a4 bxa4 30.Rxc4
h6 31.Nf3 Nd7 32.Rxa4 Nc5 33.Rc4 Nd3 34.b4 Ra8 35.Nb6 Ra7 36.Na4
f5 37.Rc6 Kf7 38.Nd2 Bf6 39.h5 Kg7 40.hxg6 Kxg6 41.Nc4 fxe4 42.Nd6
Kh7 43.Nxe4 Be7 44.g3 Kg7 45.Kf1 h5 46.Ke2 Nxb4 47.cxb4 Bxb4
48.Re6 Be7 49.Nd6 Bxd6 50.Rxd6 Rb7 51.Rxa6 Rb4 52.Nc5 h4 53.gxh4
Rxh4 54.Re6 1-0

[Event "Moscow Open 2009 A"]
[Site ""]
[Date "2009.02.01"]
[Round "2.44"]
[White "Inants, Aghasi"]
[Black "Chudinovskikh, Alexander M"]
[Result "1/2-1/2"]
[WhiteElo "2192"]
[BlackElo "2379"]
[Annotator ""]
[Source ""]
[Remark ""]

1.e4 e5 2.Nf3 Nc6 3.Nc3 Nf6 4.d4 exd4 5.Nxd4 Bb4 6.Nxc6 bxc6
7.Bd3 d5 8.exd5 cxd5 9.O-O O-O 10.Bg5 c6 11.Qf3 Bd6 12.Bxf6 Qxf6
13.Qxf6 gxf6 14.Ne2 Be5 15.Rab1 c5 16.b3 Be6 17.f4 Bc7 18.c4
Rad8 19.Rbd1 Rfe8 20.cxd5 Bg4 21.Kf2 Rxd5 22.Bb5 Red8 23.Rxd5
Rxd5 24.h3 Be6 25.Ke3 Ba5 26.Bd3 Rd8 27.Rc1 Re8 28.Kf2 Rd8 29.Ke3
Bd5 30.g3 Re8+ 31.Kf2 Bd2 32.Rd1 Be3+ 33.Kf1 Be6 34.Kg2 Kg7 35.Bc4
Bf5 36.Bd3 Bd7 37.Bc4 Bc6+ 38.Kf1 Re7 39.Rd6 Bf3 40.Bb5 h5 1/2-1/2

[Event "Moscow Open 2009 A"]
[Site ""]
[Date "2009.02.01"]
[Round "2.45"]
[White "Oparin, Grigoriy"]
[Black "Balashov, Yuri S"]
[Result "1/2-1/2"]
[WhiteElo "2189"]
[BlackElo "2378"]
[Annotator ""]
[Source ""]
[Remark ""]

1.e4 e6 2.d4 d5 3.Nc3 Bb4 4.e5 b6 5.a3 Bf8 6.f4 Ne7 7.Nf3 h5
8.Be3 Nf5 9.Bf2 Ba6 10.Bxa6 Nxa6 11.Qd3 Nb8 12.Ne2 Nc6 13.g3
Qd7 14.h3 Na5 15.O-O c5 16.g4 hxg4 17.hxg4 Nxd4 18.Nexd4 cxd4
19.Bxd4 Be7 20.Kg2 O-O-O 21.Rh1 g6 22.Raf1 Kb7 23.Nd2 Nc6 24.c3
Qc8 25.Rc1 Rxh1 26.Rxh1 Rh8 27.Rxh8 Qxh8 28.Nf3 Na5 1/2-1/2

[Event "Moscow Open 2009 A"]
[Site ""]
[Date "2009.02.01"]
[Round "2.46"]
[White "Ozolin, Maxim"]
[Black "Rettore, Ludwig"]
[Result "1-0"]
[WhiteElo "2377"]
[BlackElo "2178"]
[Annotator ""]
[Source ""]
[Remark ""]

1.e4 e5 2.Nf3 Nf6 3.Nxe5 d6 4.Nf3 Nxe4 5.Nc3 Nxc3 6.dxc3 Be7
7.Bf4 Nc6 8.Qd2 Be6 9.O-O-O Qd7 10.Kb1 a6 11.h3 O-O-O 12.Ng5
Bf6 13.Nxe6 fxe6 14.Be3 d5 15.f4 Na5 16.Bd4 Rhf8 17.Bd3 g6 18.g3
Nc6 19.Qe3 Nxd4 20.cxd4 Qc6 21.c3 Rd6 22.h4 Qe8 23.h5 gxh5 24.Bxh7
Qf7 25.Qd3 h4 26.Bg6 Qe7 27.g4 Bg7 28.Rdf1 Rb6 29.g5 Qd6 30.Rxh4
Kb8 31.Rh7 Rxf4 32.Rxf4 Qxf4 33.Rxg7 Qxg5 34.Rg8+ Ka7 35.Bh7
Qh4 36.b3 Qe1+ 37.Kb2 e5 38.dxe5 Rh6 39.Qd4+ b6 40.Qxd5 1-0

[Event "Moscow Open 2009 A"]
[Site ""]
[Date "2009.02.01"]
[Round "2.47"]
[White "Mokshanov, Alexey"]
[Black "Tregubov, Andrei"]
[Result "0-1"]
[WhiteElo "2185"]
[BlackElo "2374"]
[Annotator ""]
[Source ""]
[Remark ""]

1.e4 e6 2.d4 d5 3.e5 c5 4.c3 Nc6 5.Nf3 Qb6 6.a3 c4 7.Nbd2 Na5
8.Be2 Bd7 9.O-O Ne7 10.Re1 f6 11.Qc2 O-O-O 12.Bd1 Be8 13.exf6
gxf6 14.Nh4 Ng6 15.Ndf3 Kb8 16.Qe2 Bf7 17.g3 Bd6 18.Bh6 Rhg8
19.Kh1 Bc7 20.Ng2 e5 21.Rb1 Qc6 22.Bc2 Be6 23.dxe5 Bg4 24.Ne3
Bxf3+ 25.Qxf3 fxe5 26.Nf5 Rd7 27.Rbd1 e4 28.Qh5 Ne5 29.Bf4 Nd3
30.Bxd3 cxd3 31.Nd4 Qb6 32.Bxc7+ Qxc7 33.a4 Nc4 34.b3 Na3 35.Qf5
Qd6 36.Rd2 Rc7 37.Rc1 Qh6 38.Rcd1 Nb1 39.Qxd5 Rgc8 40.Nf5 Nxc3
41.Nxh6 Nxd5 42.Nf5 Rc1 43.Nd4 e3 44.Rxd3 exf2 0-1

[Event "Moscow Open 2009 A"]
[Site ""]
[Date "2009.02.01"]
[Round "2.48"]
[White "Gurkin, A"]
[Black "Onoprienko, Vladimir"]
[Result "1-0"]
[WhiteElo "2176"]
[BlackElo "2372"]
[Annotator ""]
[Source ""]
[Remark ""]

1.e4 c5 2.b4 cxb4 3.a3 d5 4.e5 Nc6 5.d4 e6 6.axb4 Bxb4+ 7.c3
Bf8 8.Bd3 f5 9.g4 g6 10.gxf5 exf5 11.Nh3 Bh6 12.Na3 Bxc1 13.Qxc1
Qh4 14.Nf4 Nge7 15.Nb5 O-O 16.Nc7 Rb8 17.Qe3 Kh8 18.Rg1 g5 19.Nfxd5
f4 20.Qe2 g4 21.e6 Nxd5 22.Nxd5 Bxe6 23.Nc7 Bd7 24.d5 Qf6 25.Kf1
Ne5 26.Re1 Nf3 27.Qe7 Bf5 28.Qxf6+ Rxf6 29.Bxf5 Rxf5 30.Re7 Rd8
31.c4 Nxg1 32.Kxg1 h5 33.Ne6 Rd6 34.Rxb7 Ra6 35.Rb1 f3 36.Rd1
Re5 37.h3 Rexe6 38.dxe6 Rxe6 39.hxg4 hxg4 40.Kh2 Kg7 41.Rd7+
Kf6 42.Rxa7 Rc6 43.Ra4 Kf5 44.Kg3 Rh6 45.Ra5+ Ke4 46.Ra8 Rc6
47.Rg8 Kd3 48.Rxg4 Rc5 49.Kxf3 Rc8 50.Kg3 Rc7 51.Rf4 Rg7+ 52.Kh4
Rg1 53.c5 Rc1 54.Rf5 Ke4 55.Kg5 1-0

[Event "Moscow Open 2009 A"]
[Site ""]
[Date "2009.02.01"]
[Round "2.49"]
[White "Semin, Gennadiy"]
[Black "Shukh, Nikolai"]
[Result "1/2-1/2"]
[WhiteElo "2171"]
[BlackElo "2364"]
[Annotator ""]
[Source ""]
[Remark ""]

1.d4 Nf6 2.c4 e6 3.Nf3 b6 4.e3 Bb7 5.Nc3 Be7 6.d5 O-O 7.e4 d6
8.dxe6 fxe6 9.Ng5 Bc8 10.e5 dxe5 11.Qf3 Nd5 12.Qh5 Nf6 13.Qf3
Nd5 14.Qe4 Bxg5 15.cxd5 Bxc1 16.Rxc1 Qf6 17.Rc2 Bb7 18.Bd3 g6
19.O-O Nd7 20.Qa4 Nc5 21.Ne4 Nxe4 22.Bxe4 Bxd5 23.Rxc7 Rf7 24.Rxf7
Qxf7 25.g3 Rf8 26.h4 Qf6 27.h5 1/2-1/2